000 00643nam a2200241 i 4500
001 C2-0273398
003 PPAK
005 20180728002746.0
008 060809s2006 my |||| ||||| | may d
020 _a983351412X
040 _aPPAK
_beng
_cPPAK
_erda
082 0 4 _a899.233
_223
090 0 0 _a899.233
_bNUR
_dG
100 0 _aNuraini Abdullah,
_eauthor
245 1 0 _aRindu di 3 persimpangan
264 1 _aKuala Lumpur :
_bTintarona Publications ,
_c2006
300 _a421 pages ;
_c19 cm
336 _2rdacontent
_atext
337 _2rdamedia
_aunmediated
338 _2rdacarrier
_avolume
650 1 0 _aMalay fiction.
942 _ddc
_cB
999 _c81310
_d81310